000 00990nam a2200277Ia 4500
999 _c28811
_d28811
003 GCL
005 20240530101930.0
008 140319s9999 xx 000 0 ara d
040 _aGCL /
_cGCL
082 0 4 _aق
_b780.91
_bق م
100 1 _aقسطندى رزق
245 1 0 _aالموسيقى الشرقية والغناء العربى مع السيرة الذاتية للفنان عبده الحمولى /
_cقسطندى رزق
260 _aالقاهرة :
_bمكتبة مدبولى ،
_c2000
300 _a160 ص ؛
_c24 سم
490 _aصفحات من تاريخ مصر
_v44
650 0 4 _aالموسيقى
650 0 4 _aالموسيقيون المصريون
650 0 4 _aالغناء
650 0 4 _aالمطربون والمطربات
650 0 4 _aالموسيقى الشرقية
650 0 4 _aالاغانى العربية
650 0 4 _aالموسيقى والدولة
650 0 4 _aتاريخ ونقد
650 0 4 _aعبده الحمولى
942 _2ddc
_cBK